000 00378nam a22001697a 4500
003 MPLRDC
005 20220104114506.0
008 210129b ||||| |||| 00| 0 eng d
082 _a857.9 XS
100 _a不详
245 _a罗通扫北
_c
260 _a
_b新生出版社
_c
300 _b
490 _a古典名著
650 _a武侠小说
942 _cBK
_o857.9 XS
999 _c7898
_d7888